Hunter x Hunter: Nen Abilities (Clickable) Quiz Stats

 Plays Quiz not verified by Sporcle

Also try: History for TV
Challenge
Share
Tweet
Embed
Score 0/30 Timer 05:00
0 Plays Today
% Correct
Hisoka
92.3%
Kurapika
89.7%
Gon Freecss
88.8%
Killua Zoldyck
85.8%
Kite
83.5%
Neferpitou
81.6%
Zeno Zoldyck
81.5%
Illumi Zoldyck
77.8%
Isaac Netero
76.5%
Knuckle Bine
75.5%
Pakunoda
67%
Uvogin
66.1%
Gido
63.9%
Chrollo Lucilfer
63.5%
Genthru
63.5%
% Correct
Morel Mackernasey
62.9%
Shizuku
62.3%
Shoot McMahon
60.1%
Welfin
58.2%
Meleoron
58%
Feitan
56.7%
Biscuit Krueger
54.3%
Basho
51.9%
Knov
51.7%
Bonolenov
49.6%
Leol
46.6%
Phinks
45.6%
Shaiapouf
44.3%
Ikalgo
41.9%
Palm Siberia
41.5%

You're not logged in!

Compare scores with friends on all Sporcle quizzes.
Join for Free
OR
Log In

You Might Also Like...

Show Comments

Extras

Top Quizzes Today


Score Distribution

Your Account Isn't Verified!

In order to create a playlist on Sporcle, you need to verify the email address you used during registration. Go to your Sporcle Settings to finish the process.

Report this User

Report this user for behavior that violates our Community Guidelines.

Details: